| 000 | 00915nam a2200241 a 4500 | ||
|---|---|---|---|
| 999 |
_c11569 _d11569 |
||
| 003 | BD-JhCC | ||
| 005 | 20200624124507.0 | ||
| 008 | 200329s20192020b |||| |||| 000 0 be d | ||
| 020 | _a9789845250870 | ||
| 035 | _a(BD-JhCC) | ||
| 040 |
_aBD-JhCC _dBD-JhCC |
||
| 041 | _aben | ||
| 082 |
_a302.35 _bHAY 2020 |
||
| 100 | _aহায়াত, আবীর শওকত | ||
| 245 |
_aবস ম্যানেজমেন্ট : _bকর্মক্ষেত্রে সাফল্যের উপায় / _cআবীর শওকত হায়াত |
||
| 260 |
_aঢাকা : _bপ্রথমা প্রকাশ, _c২০২০ |
||
| 300 |
_a১৪২ পৃ. : _c১৮ সেমি. |
||
| 500 | _aগ্রন্থপঞ্জি অর্ন্তভূক্ত। | ||
| 650 | _aOrganizational sociology | ||
| 650 | _aOrganizational behavior | ||
| 650 | _aManagement | ||
| 942 |
_2ddc _cBK _02 |
||